000 00874nam0a22002771 4500
001 RU\INGAK2\INFOCOMM_322\NLR\5000125578
005 20250625202455.0
035 _a(NLR Aleph) 011027886
090 _a11096819
_c11096819
100 _a20130107d1976 |||y0rusy50 ca
101 0 _aspa
102 _aCU
_aRU
105 _ay z||||
200 1 _aLectura
_h1
_f[Selección de textos: Delia E. Rivero
_gIl. Manuel del Toro y o.]
210 _aLa Habana
_c"Pueblo y educación"
_a[M.
_c"Progreso"
_d1976]
215 _a250 с.
_cил.
_d23 см
300 _aВ вып. дан.: Книга для чтения
517 1 _aКнига для чтения
620 _aМосква
686 _aЯ396-1200
_2rubbk
702 1 _aRivero
_bD. E.
_gDelia E.
_4220
801 1 _aRU
_bInfoComm
_c20130107
801 0 _aRU
_bNLR
_gPSBO
852 _aNLR
_jЯ61 Д-5/203
942 _cBOOK
980 _aNB